000 00491nam a2200181Ia 4500
005 20250630125537.0
008 008 250516s9999 xx 000 0 eng d
020 _a9781837672110
040 _beng
_cSDCL
041 _aeng
_2eng
084 _aD65152 R4
100 _aLipomi, Darren J.
_9809623
245 0 _aIntroduction to Nanoengineering
260 _aLondon :
_bRoyal society of chemistry,
_c2024.
300 _axxiv,432p.
650 _aElectronic Science
942 _cTEXL
_2CC
999 _c1429627
_d1429627